[Event "Mundial Fide Femenino"]
[Site "?"]
[Date "2021.09.29"]
[Round "5.9"]
[White "Mammadzada, Gunay"]
[Black "Matnadze, Ana"]
[Result "1/2-1/2"]
[BlackElo "2349"]
[WhiteElo "2280"]
[LiveChessVersion "1.4.8"]

1. e4 {[%clk 0:45:14]} c5 {[%clk 0:45:17]} 2. Nf3 {[%clk 0:45:15]} d6
{[%clk 0:45:25]} 3. d4 {[%clk 0:45:23]} cxd4 {[%clk 0:45:34]} 4. Nxd4
{[%clk 0:45:32]} Nf6 {[%clk 0:45:40]} 5. Nc3 {[%clk 0:45:39]} Nc6
{[%clk 0:45:47]} 6. f3 {[%clk 0:45:16]} e5 {[%clk 0:45:51]} 7. Nb3
{[%clk 0:45:24]} Be7 {[%clk 0:45:59]} 8. Be3 {[%clk 0:44:59]} Be6
{[%clk 0:45:51]} 9. Nd5 {[%clk 0:41:07]} Bxd5 {[%clk 0:45:56]} 10. exd5
{[%clk 0:41:16]} Nb4 11. c4 {[%clk 0:41:25]} a5 {[%clk 0:46:09]} 12. Be2
{[%clk 0:40:37]} O-O {[%clk 0:45:54]} 13. O-O {[%clk 0:40:33]} Nd7
{[%clk 0:45:52]} 14. Qd2 {[%clk 0:40:22]} b6 {[%clk 0:45:58]} 15. f4
{[%clk 0:35:35]} Rc8 {[%clk 0:42:28]} 16. Kh1 {[%clk 0:32:34]} exf4
{[%clk 0:41:26]} 17. Bxf4 {[%clk 0:32:32]} Ne5 {[%clk 0:41:27]} 18. a3
{[%clk 0:31:50]} Na6 {[%clk 0:41:13]} 19. Nd4 {[%clk 0:30:41]} Bf6
{[%clk 0:39:21]} 20. Rac1 {[%clk 0:28:32]} a4 {[%clk 0:36:23]} 21. Nc6
{[%clk 0:22:10]} Nxc6 {[%clk 0:31:10]} 22. dxc6 {[%clk 0:22:17]} Rxc6
{[%clk 0:28:07]} 23. Bf3 {[%clk 0:22:22]} Rc7 {[%clk 0:28:04]} 24. Qxd6
{[%clk 0:16:49]} Rd7 {[%clk 0:27:57]} 25. Qc6 {[%clk 0:16:58]} Nc5
{[%clk 0:27:17]} 26. Rb1 {[%clk 0:15:56]} Nd3 {[%clk 0:22:01]} 27. Bd5
{[%clk 0:11:01]} Nxf4 {[%clk 0:13:40]} 28. Rxf4 {[%clk 0:11:09]} Qc7
{[%clk 0:10:34]} 29. Qxc7 {[%clk 0:06:30]} Rxc7 {[%clk 0:10:43]} 30. b3
{[%clk 0:06:16]} Rd8 {[%clk 0:09:05]} 31. bxa4 {[%clk 0:06:03]} h5
{[%clk 0:07:32]} 32. Rf5 {[%clk 0:05:37]} Re7 {[%clk 0:06:46]} 33. Rxh5
{[%clk 0:04:17]} Bd4 {[%clk 0:06:24]} 34. Rf5 {[%clk 0:03:40]} g6
{[%clk 0:06:13]} 35. Rf4 {[%clk 0:03:35]} Bc5 {[%clk 0:06:17]} 36. Rbf1
{[%clk 0:03:24]} Rdd7 {[%clk 0:06:21]} 37. h4 {[%clk 0:02:38]} Kg7
{[%clk 0:06:27]} 38. R4f3 {[%clk 0:02:24]} f5 {[%clk 0:05:57]} 39. h5
{[%clk 0:02:14]} Re3 {[%clk 0:04:44]} 40. Rxe3 {[%clk 0:00:52]} Bxe3
{[%clk 0:04:53]} 41. g3 {[%clk 0:00:56]} Re7 {[%clk 0:04:30]} 42. Kg2
{[%clk 0:00:25]} Bc5 {[%clk 0:04:30]} 43. hxg6 {[%clk 0:00:23]} Re2+
{[%clk 0:03:39]} 44. Kh3 {[%clk 0:00:30]} Kxg6 {[%clk 0:03:43]} 45. Bc6
{[%clk 0:00:34]} Re3 {[%clk 0:02:37]} 46. Rf3 {[%clk 0:00:11]} Re7
{[%clk 0:02:20]} 47. Rf1 {[%clk 0:00:12]} Kg5 {[%clk 0:02:11]} 48. Bd5
{[%clk 0:00:14]} Re3 {[%clk 0:02:13]} 49. Rf3 {[%clk 0:00:21]} Re2
{[%clk 0:02:12]} 50. Rf1 {[%clk 0:00:23]} Bxa3 {[%clk 0:02:04]} 51. Bb7
{[%clk 0:00:14]} Bc5 {[%clk 0:01:19]} 52. Bc8 {[%clk 0:00:20]} Rf2
{[%clk 0:01:10]} 53. Rxf2 {[%clk 0:00:20]} Bxf2 {[%clk 0:01:19]} 54. Kg2
{[%clk 0:00:23]} Bc5 {[%clk 0:01:21]} 55. Kf3 {[%clk 0:00:30]} Kf6
{[%clk 0:01:28]} 1/2-1/2

[Event "Mundial Fide Femenino"]
[Site "?"]
[Date "2021.09.29"]
[Round "5.10"]
[White "Vega Gutierrez, Sabrina"]
[Black "Mammadova, Gulnar"]
[Result "0-1"]
[BlackElo "2406"]
[WhiteElo "2214"]
[LiveChessVersion "1.4.8"]

1. e4 {[%clk 0:45:16]} e6 {[%clk 0:45:18]} 2. d4 {[%clk 0:45:20]} d5
{[%clk 0:45:21]} 3. Nc3 {[%clk 0:45:27]} Nf6 {[%clk 0:45:29]} 4. Bg5
{[%clk 0:45:24]} dxe4 {[%clk 0:45:36]} 5. Nxe4 {[%clk 0:45:29]} Be7
{[%clk 0:45:44]} 6. Nxf6+ {[%clk 0:44:51]} Bxf6 {[%clk 0:45:52]} 7. Bxf6
{[%clk 0:44:57]} Qxf6 {[%clk 0:45:59]} 8. Nf3 {[%clk 0:44:37]} O-O
{[%clk 0:45:49]} 9. Qd3 {[%clk 0:44:35]} c5 {[%clk 0:45:02]} 10. Qe4
{[%clk 0:42:32]} cxd4 {[%clk 0:42:08]} 11. Bd3 {[%clk 0:42:17]} g6
{[%clk 0:41:54]} 12. O-O-O {[%clk 0:37:00]} Nd7 {[%clk 0:34:53]} 13. Bc4
{[%clk 0:36:14]} Rb8 {[%clk 0:31:34]} 14. Qxd4 {[%clk 0:30:04]} b5
{[%clk 0:30:10]} 15. Be2 {[%clk 0:29:23]} Qxd4 {[%clk 0:28:49]} 16. Nxd4
{[%clk 0:28:57]} a6 {[%clk 0:27:24]} 17. a4 {[%clk 0:26:52]} Nf6 {[%clk 0:20:14]}
18. axb5 {[%clk 0:24:26]} axb5 {[%clk 0:20:22]} 19. Nxb5 {[%clk 0:22:55]} Bb7
{[%clk 0:19:41]} 20. f3 {[%clk 0:21:42]} Nd5 {[%clk 0:19:42]} 21. g3
{[%clk 0:21:21]} Ba6 {[%clk 0:18:23]} 22. Nd4 {[%clk 0:21:07]} Bb7
{[%clk 0:17:35]} 23. Rd3 {[%clk 0:19:22]} Nb4 {[%clk 0:16:45]} 24. Re3
{[%clk 0:14:40]} Ra8 {[%clk 0:15:37]} 25. Rd1 {[%clk 0:12:23]} Rfd8
{[%clk 0:12:57]} 26. Ra3 {[%clk 0:09:38]} Na2+ {[%clk 0:12:26]} 27. Rxa2 Rxa2
{[%clk 0:12:34]} 28. Kb1 {[%clk 0:06:52]} Raa8 {[%clk 0:10:55]} 29. c4
{[%clk 0:05:52]} e5 {[%clk 0:10:24]} 30. Nb5 {[%clk 0:04:07]} e4 {[%clk 0:09:56]}
31. Rxd8+ {[%clk 0:02:32]} Rxd8 {[%clk 0:10:04]} 32. f4 {[%clk 0:00:12]} e3
{[%clk 0:08:14]} 33. Nc3 {[%clk 0:00:13]} Rd2 {[%clk 0:07:45]} 34. Kc1
{[%clk 0:00:13]} f5 {[%clk 0:06:44]} 35. c5 {[%clk 0:00:21]} Kf8 {[%clk 0:06:17]}
36. b4 {[%clk 0:00:17]} Be4 {[%clk 0:05:59]} 37. Bd1 {[%clk 0:00:12]} Rd4
{[%clk 0:05:19]} 38. Na2 {[%clk 0:00:18]} Bd3 {[%clk 0:04:46]} 39. Kb2
{[%clk 0:00:12]} Bc4 {[%clk 0:03:51]} 40. Bf3 {[%clk 0:00:12]} Bxa2
{[%clk 0:03:42]} 41. Kxa2 {[%clk 0:00:12]} e2 {[%clk 0:03:37]} 42. Bxe2
{[%clk 0:00:20]} Rd2+ {[%clk 0:03:46]} 43. Kb3 {[%clk 0:00:29]} Rxe2
{[%clk 0:03:54]} 44. b5 {[%clk 0:00:36]} Ke7 {[%clk 0:04:02]} 0-1

[Event "Mundial Fide Femenino"]
[Site "?"]
[Date "2021.09.29"]
[Round "5.11"]
[White "Fataliyeva, Ulviyya"]
[Black "Eizaguerri Floris, Maria"]
[Result "1-0"]
[BlackElo "1811"]
[WhiteElo "2310"]
[LiveChessVersion "1.4.8"]

1. d4 {[%clk 0:45:19]} d5 {[%clk 0:45:18]} 2. c4 {[%clk 0:45:27]} e6
{[%clk 0:45:27]} 3. Nc3 {[%clk 0:45:33]} Nf6 {[%clk 0:45:34]} 4. Nf3
{[%clk 0:45:37]} c6 {[%clk 0:45:33]} 5. e3 {[%clk 0:45:45]} Nbd7 {[%clk 0:45:26]}
6. Be2 {[%clk 0:45:54]} Bd6 {[%clk 0:43:54]} 7. O-O O-O {[%clk 0:42:40]} 8. b3
{[%clk 0:46:10]} b6 {[%clk 0:41:44]} 9. Bb2 {[%clk 0:46:18]} Bb7 {[%clk 0:41:53]}
10. Bd3 {[%clk 0:46:25]} Qe7 {[%clk 0:37:06]} 11. Re1 {[%clk 0:46:23]} Rac8
{[%clk 0:32:11]} 12. Rc1 {[%clk 0:46:30]} c5 {[%clk 0:28:57]} 13. e4
{[%clk 0:42:32]} dxe4 14. Nxe4 {[%clk 0:42:39]} Nxe4 {[%clk 0:25:22]} 15. Bxe4
{[%clk 0:42:47]} Bxe4 {[%clk 0:25:30]} 16. Rxe4 {[%clk 0:42:55]} Nf6
{[%clk 0:23:17]} 17. Re1 {[%clk 0:42:32]} cxd4 {[%clk 0:21:26]} 18. Nxd4
{[%clk 0:41:08]} Bb4 {[%clk 0:16:53]} 19. Re3 Rfd8 {[%clk 0:15:39]} 20. Qf3
{[%clk 0:32:23]} Qc5 {[%clk 0:10:21]} 21. Nxe6 {[%clk 0:25:11]} fxe6
{[%clk 0:09:21]} 22. Bxf6 {[%clk 0:25:10]} Rf8 {[%clk 0:07:47]} 23. Re5
{[%clk 0:25:15]} Qd4 {[%clk 0:05:17]} 24. Qb7 {[%clk 0:22:12]} gxf6 25. Rh5
{[%clk 0:22:20]} Qd3 {[%clk 0:00:47]} 26. Rh3 {[%clk 0:22:27]} Qxh3
{[%clk 0:00:22]} 27. gxh3 {[%clk 0:22:35]} Rce8 28. Qxa7 {[%clk 0:22:11]} Bc5
{[%clk 0:00:24]} 29. Rd1 {[%clk 0:22:03]} Rf7 {[%clk 0:00:25]} 30. Rd7
{[%clk 0:22:04]} Rxd7 {[%clk 0:00:25]} 31. Qxd7 {[%clk 0:22:11]} Re7
{[%clk 0:00:32]} 32. Qd8+ {[%clk 0:21:59]} Kf7 {[%clk 0:00:26]} 33. a3
{[%clk 0:21:33]} Re8 {[%clk 0:00:21]} 34. Qc7+ {[%clk 0:21:17]} Re7
{[%clk 0:00:29]} 35. Qc6 {[%clk 0:21:22]} f5 {[%clk 0:00:24]} 36. b4
{[%clk 0:20:59]} Bd4 {[%clk 0:00:33]} 37. Qd6 {[%clk 0:20:49]} e5
{[%clk 0:00:29]} 38. c5 {[%clk 0:20:23]} bxc5 {[%clk 0:00:38]} 39. bxc5
{[%clk 0:20:26]} f4 {[%clk 0:00:20]} 40. a4 {[%clk 0:20:03]} f3 41. c6
{[%clk 0:18:54]} Bb6 {[%clk 0:00:25]} 42. Qd5+ {[%clk 0:19:00]} Re6
{[%clk 0:00:16]} 43. a5 Bc7 {[%clk 0:00:15]} 44. Qxf3+ {[%clk 0:18:35]} Ke7
{[%clk 0:00:23]} 45. Qd5 {[%clk 0:18:15]} e4 46. Qd7+ {[%clk 0:18:22]} 1-0

[Event "Mundial Fide Femenino"]
[Site "?"]
[Date "2021.09.29"]
[Round "5.12"]
[White "Garcia Martin, Marta"]
[Black "Mamedjarova, Turkan"]
[Result "0-1"]
[BlackElo "2243"]
[WhiteElo "2097"]
[LiveChessVersion "1.4.8"]

1. e4 {[%clk 0:45:17]} e5 {[%clk 0:45:18]} 2. Nf3 {[%clk 0:45:25]} Nc6
{[%clk 0:45:27]} 3. Bc4 {[%clk 0:45:33]} Bc5 {[%clk 0:45:35]} 4. O-O
{[%clk 0:45:38]} Nf6 {[%clk 0:45:40]} 5. d3 d6 {[%clk 0:45:18]} 6. c3
{[%clk 0:45:54]} h6 {[%clk 0:44:42]} 7. Re1 O-O {[%clk 0:44:28]} 8. h3
{[%clk 0:43:04]} a6 {[%clk 0:43:47]} 9. d4 {[%clk 0:39:27]} Ba7 {[%clk 0:39:23]}
10. Be3 {[%clk 0:37:24]} exd4 11. cxd4 {[%clk 0:37:32]} d5 {[%clk 0:36:47]} 12.
exd5 {[%clk 0:31:55]} Nb4 13. Bd2 {[%clk 0:31:57]} Nbxd5 {[%clk 0:34:24]} 14. Nc3
{[%clk 0:31:37]} Be6 {[%clk 0:29:04]} 15. Bb3 {[%clk 0:19:53]} c5 16. Rc1
{[%clk 0:20:01]} cxd4 {[%clk 0:26:26]} 17. Ne2 {[%clk 0:20:06]} d3
{[%clk 0:20:03]} 18. Ned4 Bxd4 {[%clk 0:19:37]} 19. Nxd4 {[%clk 0:20:14]} Qb6
{[%clk 0:19:28]} 20. Nxe6 {[%clk 0:16:13]} fxe6 {[%clk 0:17:50]} 21. Rc4
{[%clk 0:00:44]} Kh8 {[%clk 0:15:48]} 22. Rf1 Rad8 {[%clk 0:15:25]} 23. Qf3
{[%clk 0:00:37]} Ne7 24. Rb4 {[%clk 0:00:15]} Qd6 {[%clk 0:14:58]} 25. Rxb7 Ned5
{[%clk 0:14:17]} 26. Qxd3 {[%clk 0:00:18]} Qc6 {[%clk 0:14:12]} 27. Ra7 Nf4
{[%clk 0:13:53]} 28. Qf3 {[%clk 0:00:26]} Qxf3 {[%clk 0:13:58]} 29. gxf3
{[%clk 0:00:35]} Rxd2 {[%clk 0:13:52]} 30. Rxa6 Rxb2 {[%clk 0:13:50]} 31. Kh2
{[%clk 0:00:26]} N6d5 32. Kg3 Ne2+ {[%clk 0:13:42]} 33. Kh2 {[%clk 0:00:24]} Nd4
{[%clk 0:13:48]} 34. Bxd5 {[%clk 0:00:23]} exd5 {[%clk 0:13:55]} 35. Rd6
{[%clk 0:00:27]} Nxf3+ 0-1

[Event "FIDE FEMENINO B"]
[Site "?"]
[Date "2021.09.29"]
[Round "5.1"]
[White "Abdumalik, Zhansaya"]
[Black "Zawadzka, Jolanta"]
[Result "1-0"]
[BlackElo "2313"]
[WhiteElo "2444"]
[LiveChessVersion "1.4.8"]

1. e4 {[%clk 0:45:17]} c5 {[%clk 0:45:18]} 2. Nf3 {[%clk 0:45:20]} Nc6
{[%clk 0:45:26]} 3. Bb5 {[%clk 0:45:27]} g6 {[%clk 0:45:34]} 4. Bxc6
{[%clk 0:45:22]} dxc6 {[%clk 0:45:42]} 5. d3 {[%clk 0:45:25]} Bg7
{[%clk 0:45:48]} 6. h3 {[%clk 0:45:16]} e5 {[%clk 0:45:51]} 7. Nc3
{[%clk 0:44:27]} Ne7 {[%clk 0:45:08]} 8. Be3 {[%clk 0:43:31]} b6 {[%clk 0:45:14]}
9. Qd2 {[%clk 0:43:25]} h6 {[%clk 0:44:57]} 10. O-O-O {[%clk 0:39:05]} Be6
{[%clk 0:42:53]} 11. Kb1 {[%clk 0:38:13]} Qd7 {[%clk 0:42:31]} 12. Ne2
{[%clk 0:37:01]} f5 {[%clk 0:40:53]} 13. Qc3 {[%clk 0:35:05]} O-O
{[%clk 0:36:53]} 14. Bc1 {[%clk 0:27:27]} Qd6 {[%clk 0:35:12]} 15. b3
{[%clk 0:27:05]} a5 {[%clk 0:32:27]} 16. a4 {[%clk 0:23:51]} f4 {[%clk 0:30:50]}
17. Ba3 {[%clk 0:23:31]} g5 {[%clk 0:29:27]} 18. Nd2 {[%clk 0:21:34]} Qc7
{[%clk 0:27:50]} 19. Ng1 {[%clk 0:20:49]} Nf5 {[%clk 0:18:07]} 20. exf5
{[%clk 0:17:57]} e4 {[%clk 0:18:16]} 21. Qxg7+ {[%clk 0:18:01]} Qxg7
{[%clk 0:18:24]} 22. fxe6 {[%clk 0:18:10]} exd3 {[%clk 0:18:31]} 23. cxd3
{[%clk 0:16:47]} Qc3 {[%clk 0:18:37]} 24. Ngf3 {[%clk 0:14:51]} Qxd3+
{[%clk 0:18:24]} 25. Ka2 b5 {[%clk 0:17:45]} 26. Rc1 {[%clk 0:11:22]} Rfe8
{[%clk 0:11:03]} 27. Rhe1 {[%clk 0:07:50]} bxa4 {[%clk 0:11:09]} 28. Rxc5
{[%clk 0:07:41]} axb3+ {[%clk 0:10:54]} 29. Kb2 {[%clk 0:07:18]} Rab8
{[%clk 0:09:21]} 30. Rc3 {[%clk 0:07:04]} Qd5 {[%clk 0:08:41]} 31. Re5
{[%clk 0:06:57]} Qd8 {[%clk 0:08:27]} 32. e7 {[%clk 0:06:24]} Qb6
{[%clk 0:07:20]} 33. Ne4 {[%clk 0:06:13]} Kg7 {[%clk 0:06:07]} 34. Bc5
{[%clk 0:05:39]} Qa6 {[%clk 0:04:23]} 35. Bd4 {[%clk 0:05:17]} Kf7
{[%clk 0:04:03]} 36. Nd6+ {[%clk 0:05:12]} Kg8 {[%clk 0:04:11]} 37. Re6
{[%clk 0:05:07]} c5 {[%clk 0:02:58]} 38. Rg6+ {[%clk 0:05:11]} Kh7
{[%clk 0:03:02]} 39. Rg7+ {[%clk 0:05:20]} 1-0

[Event "FIDE FEMENINO B"]
[Site "?"]
[Date "2021.09.29"]
[Round "5.2"]
[White "Socko, Monika"]
[Black "Saduakassova, Dinara"]
[Result "1/2-1/2"]
[BlackElo "2429"]
[WhiteElo "2293"]
[LiveChessVersion "1.4.8"]

1. d4 {[%clk 0:45:18]} Nf6 {[%clk 0:45:17]} 2. c4 {[%clk 0:45:25]} e6
{[%clk 0:45:24]} 3. Nf3 {[%clk 0:45:33]} b6 {[%clk 0:45:32]} 4. Bf4
{[%clk 0:45:41]} Bb7 {[%clk 0:45:35]} 5. e3 {[%clk 0:45:46]} Bb4+
{[%clk 0:45:25]} 6. Nfd2 {[%clk 0:45:33]} O-O {[%clk 0:42:03]} 7. a3
{[%clk 0:45:25]} Be7 {[%clk 0:35:29]} 8. Nc3 {[%clk 0:44:42]} d5 9. cxd5 Nxd5
{[%clk 0:34:57]} 10. Nxd5 {[%clk 0:44:49]} Bxd5 {[%clk 0:32:44]} 11. Qc2
{[%clk 0:37:29]} Bd6 {[%clk 0:31:42]} 12. Bg3 {[%clk 0:35:33]} Nd7
{[%clk 0:30:22]} 13. Nc4 {[%clk 0:34:53]} Nf6 {[%clk 0:28:46]} 14. Bd3
{[%clk 0:31:40]} h6 {[%clk 0:28:54]} 1/2-1/2

[Event "FIDE FEMENINO B"]
[Site "?"]
[Date "2021.09.29"]
[Round "5.3"]
[White "Kamalidenova, Meruert"]
[Black "Kulon, Klaudia"]
[Result "1/2-1/2"]
[BlackElo "2234"]
[WhiteElo "1984"]
[LiveChessVersion "1.4.8"]

1. e4 {[%clk 0:45:17]} c5 {[%clk 0:45:17]} 2. Nf3 {[%clk 0:45:25]} Nc6
{[%clk 0:45:23]} 3. d4 {[%clk 0:45:33]} cxd4 {[%clk 0:45:31]} 4. Nxd4
{[%clk 0:45:41]} e5 {[%clk 0:45:37]} 5. Nb5 {[%clk 0:45:44]} d6 {[%clk 0:45:45]}
6. N1c3 {[%clk 0:45:44]} a6 {[%clk 0:45:47]} 7. Na3 {[%clk 0:45:52]} Be6
{[%clk 0:45:46]} 8. Nc4 {[%clk 0:45:41]} Rb8 {[%clk 0:45:21]} 9. Ne3
{[%clk 0:45:26]} Nf6 {[%clk 0:45:18]} 10. g3 {[%clk 0:45:09]} h5 {[%clk 0:44:51]}
11. Bg2 {[%clk 0:42:55]} h4 {[%clk 0:44:32]} 12. O-O {[%clk 0:42:43]} h3
{[%clk 0:44:20]} 13. Bh1 {[%clk 0:42:28]} g6 {[%clk 0:44:06]} 14. Ncd5
{[%clk 0:41:15]} Bxd5 {[%clk 0:44:12]} 15. exd5 {[%clk 0:37:58]} Ne7
{[%clk 0:42:53]} 16. c4 {[%clk 0:37:11]} Bh6 {[%clk 0:40:24]} 17. Qe2
{[%clk 0:34:15]} Rc8 {[%clk 0:39:29]} 18. b3 {[%clk 0:33:53]} Nf5
{[%clk 0:35:13]} 19. Bb2 {[%clk 0:30:39]} Kf8 {[%clk 0:31:58]} 20. Bf3
{[%clk 0:28:25]} Qb6 {[%clk 0:29:03]} 21. Ng4 {[%clk 0:26:26]} Bg7
{[%clk 0:23:59]} 22. Nxf6 {[%clk 0:26:06]} Bxf6 {[%clk 0:24:08]} 23. Bg4
{[%clk 0:26:06]} Re8 {[%clk 0:24:04]} 24. Qf3 {[%clk 0:24:55]} e4
{[%clk 0:22:15]} 25. Qe2 {[%clk 0:24:18]} Bxb2 {[%clk 0:15:03]} 26. Qxb2
{[%clk 0:24:03]} Ng7 {[%clk 0:14:44]} 27. Qf6 {[%clk 0:22:38]} Qd8
{[%clk 0:14:49]} 28. Qxd8 {[%clk 0:21:53]} Rxd8 {[%clk 0:14:59]} 29. f3
{[%clk 0:21:53]} exf3 {[%clk 0:12:36]} 30. Bxf3 {[%clk 0:21:23]} f5
{[%clk 0:12:30]} 31. Rac1 {[%clk 0:19:34]} Kf7 {[%clk 0:11:02]} 32. c5
{[%clk 0:17:26]} dxc5 {[%clk 0:11:11]} 33. Rxc5 {[%clk 0:17:34]} Rd7
{[%clk 0:11:20]} 34. g4 {[%clk 0:16:17]} Kf6 {[%clk 0:10:20]} 35. gxf5
{[%clk 0:16:17]} Nxf5 {[%clk 0:10:04]} 36. Bg4 {[%clk 0:14:10]} Kg5
{[%clk 0:10:05]} 37. Bxf5 {[%clk 0:13:01]} gxf5 {[%clk 0:10:14]} 38. d6
{[%clk 0:13:08]} Rf8 {[%clk 0:10:22]} 39. Rd5 {[%clk 0:12:46]} Rf6
{[%clk 0:10:28]} 40. Rfd1 {[%clk 0:10:48]} Re6 {[%clk 0:10:26]} 1/2-1/2

[Event "FIDE FEMENINO B"]
[Site "?"]
[Date "2021.09.29"]
[Round "5.4"]
[White "Kubicka, Anna"]
[Black "Dauletova, Gulmira"]
[Result "0-1"]
[BlackElo "2184"]
[WhiteElo "2032"]
[LiveChessVersion "1.4.8"]

1. d4 {[%clk 0:45:15]} Nf6 {[%clk 0:45:07]} 2. c4 {[%clk 0:45:22]} e6
{[%clk 0:45:05]} 3. Nf3 {[%clk 0:45:27]} d5 {[%clk 0:43:47]} 4. Nc3
{[%clk 0:45:32]} a6 {[%clk 0:43:45]} 5. e3 {[%clk 0:43:22]} dxc4 {[%clk 0:43:31]}
6. Bxc4 {[%clk 0:43:22]} b5 {[%clk 0:43:33]} 7. Bd3 {[%clk 0:43:02]} Bb7
{[%clk 0:43:37]} 8. O-O {[%clk 0:39:56]} c5 {[%clk 0:41:38]} 9. Qe2
{[%clk 0:34:45]} Nbd7 {[%clk 0:37:12]} 10. Rd1 {[%clk 0:33:20]} Qc7
{[%clk 0:37:11]} 11. h3 {[%clk 0:30:26]} Be7 {[%clk 0:36:20]} 12. Bd2
{[%clk 0:29:50]} O-O {[%clk 0:35:19]} 13. Rac1 {[%clk 0:29:46]} Rac8
{[%clk 0:34:02]} 14. Bb1 {[%clk 0:28:24]} Qb6 {[%clk 0:33:14]} 15. a3
{[%clk 0:27:18]} Rfd8 {[%clk 0:32:57]} 16. Be1 {[%clk 0:27:15]} Nf8
{[%clk 0:28:13]} 17. dxc5 {[%clk 0:25:51]} Bxc5 {[%clk 0:28:19]} 18. b4
{[%clk 0:25:21]} Bd6 {[%clk 0:26:01]} 19. Nd4 {[%clk 0:22:00]} Ng6
{[%clk 0:25:28]} 20. f3 {[%clk 0:20:33]} Ne5 {[%clk 0:23:46]} 21. Bf2
{[%clk 0:19:43]} Bb8 {[%clk 0:14:40]} 22. e4 {[%clk 0:18:23]} Ba7
{[%clk 0:14:49]} 23. f4 {[%clk 0:17:00]} Ng6 {[%clk 0:14:33]} 24. Qf3
{[%clk 0:09:46]} Ba8 {[%clk 0:11:20]} 25. Nde2 {[%clk 0:07:52]} Qb8
{[%clk 0:09:11]} 26. Bxa7 {[%clk 0:07:41]} Qxa7+ {[%clk 0:09:20]} 27. Qf2
{[%clk 0:07:50]} Qxf2+ {[%clk 0:07:21]} 28. Kxf2 {[%clk 0:07:59]} e5
{[%clk 0:07:29]} 29. g3 {[%clk 0:07:21]} h5 {[%clk 0:06:54]} 30. Ke3
{[%clk 0:06:43]} Kf8 {[%clk 0:02:51]} 31. Ba2 {[%clk 0:04:43]} Rxd1
{[%clk 0:02:15]} 32. Rxd1 {[%clk 0:04:45]} Ke7 {[%clk 0:01:56]} 33. Bb3
{[%clk 0:04:04]} Bb7 {[%clk 0:02:05]} 34. Rd2 {[%clk 0:02:42]} Ba8
{[%clk 0:02:14]} 35. f5 {[%clk 0:01:28]} Nf8 {[%clk 0:02:22]} 36. Rc2
{[%clk 0:00:56]} Bb7 {[%clk 0:02:25]} 37. Ra2 {[%clk 0:00:42]} N8d7
{[%clk 0:02:29]} 38. a4 {[%clk 0:00:32]} bxa4 {[%clk 0:02:31]} 39. Rxa4
{[%clk 0:00:40]} Nb6 {[%clk 0:02:23]} 40. Ra5 {[%clk 0:00:47]} Nfd7
{[%clk 0:02:32]} 41. Na4 {[%clk 0:00:29]} Nc4+ {[%clk 0:02:31]} 42. Bxc4 Rxc4 43.
Nec3 {[%clk 0:00:34]} Rxb4 {[%clk 0:02:30]} 44. g4 {[%clk 0:00:25]} hxg4
{[%clk 0:02:39]} 45. hxg4 {[%clk 0:00:34]} f6 {[%clk 0:02:30]} 46. Kd3
{[%clk 0:00:33]} Rd4+ {[%clk 0:02:21]} 47. Ke3 {[%clk 0:00:41]} Kd6
{[%clk 0:02:24]} 48. Ne2 {[%clk 0:00:30]} Rxe4+ {[%clk 0:02:33]} 49. Kd3
{[%clk 0:00:26]} Rxg4 {[%clk 0:02:39]} 50. Nb2 {[%clk 0:00:20]} Nc5+
{[%clk 0:02:45]} 51. Ke3 {[%clk 0:00:26]} Rb4 {[%clk 0:02:36]} 52. Nd1
{[%clk 0:00:17]} Rb3+ {[%clk 0:02:37]} 53. Ndc3 {[%clk 0:00:17]} Rb4
{[%clk 0:01:53]} 54. Ra1 {[%clk 0:00:15]} Bc8 {[%clk 0:01:38]} 55. Rd1+
{[%clk 0:00:24]} Kc6 {[%clk 0:01:46]} 56. Nd5 {[%clk 0:00:30]} Rb3+
{[%clk 0:01:52]} 57. Kf2 {[%clk 0:00:30]} Kb5 {[%clk 0:00:40]} 58. Ne7
{[%clk 0:00:18]} Bb7 {[%clk 0:00:45]} 59. Rd8 {[%clk 0:00:19]} a5
{[%clk 0:00:29]} 60. Nc1 {[%clk 0:00:16]} Rb2+ {[%clk 0:00:27]} 61. Ke3
{[%clk 0:00:23]} a4 {[%clk 0:00:30]} 62. Nd5 {[%clk 0:00:26]} a3 {[%clk 0:00:25]}
63. Nc3+ {[%clk 0:00:30]} Kc4 {[%clk 0:00:32]} 64. N3a2 {[%clk 0:00:23]} Be4
{[%clk 0:00:32]} 65. Rc8 {[%clk 0:00:18]} Bb1 {[%clk 0:00:35]} 66. Nc3
{[%clk 0:00:26]} Kxc3 {[%clk 0:00:28]} 67. Rxc5+ {[%clk 0:00:35]} Kb4
{[%clk 0:00:37]} 68. Rc7 {[%clk 0:00:31]} Bxf5 {[%clk 0:00:29]} 69. Rxg7
{[%clk 0:00:38]} Rc2 {[%clk 0:00:32]} 70. Rb7+ {[%clk 0:00:44]} Ka4
{[%clk 0:00:38]} 71. Ra7+ {[%clk 0:00:49]} Kb4 {[%clk 0:00:36]} 72. Rb7+
{[%clk 0:00:57]} Ka5 {[%clk 0:00:29]} 73. Nb3+ {[%clk 0:00:57]} Ka6
{[%clk 0:00:37]} 74. Rb8 {[%clk 0:01:03]} Ka7 {[%clk 0:00:40]} 75. Rb4
{[%clk 0:01:09]} a2 {[%clk 0:00:33]} 76. Na1 {[%clk 0:01:06]} Rh2
{[%clk 0:00:21]} 77. Kf3 {[%clk 0:00:45]} Bb1 {[%clk 0:00:26]} 78. Kg4
{[%clk 0:00:40]} Rf2 {[%clk 0:00:30]} 79. Kg3 {[%clk 0:00:29]} Rf1
{[%clk 0:00:25]} 80. Kg2 {[%clk 0:00:20]} Rd1 {[%clk 0:00:22]} 81. Kf2
{[%clk 0:00:23]} Rd2+ {[%clk 0:00:24]} 82. Ke3 {[%clk 0:00:25]} Rd3+
{[%clk 0:00:29]} 83. Ke2 {[%clk 0:00:34]} Rh3 {[%clk 0:00:38]} 84. Kd2
{[%clk 0:00:39]} f5 {[%clk 0:00:44]} 85. Kc1 {[%clk 0:00:41]} e4 {[%clk 0:00:48]}
86. Kb2 {[%clk 0:00:45]} e3 {[%clk 0:00:42]} 87. Rb5 {[%clk 0:00:35]} e2
{[%clk 0:00:48]} 88. Re5 {[%clk 0:00:38]} Be4 {[%clk 0:00:56]} 89. Nc2
{[%clk 0:00:44]} Bxc2 {[%clk 0:01:04]} 0-1